10 languages you'll need most in the classroom : a guide to communicating with English language learners and their families /

Guardat en:
Dades bibliogràfiques
Autor principal: Sundem, Garth (Autor)
Altres autors: Krieger, Jan, Pikiewicz, Kristi
Format: Llibre
Idioma:English
Publicat: Thousand Oaks, CA : Corwin, 2008.
Matèries:
Etiquetes: Afegir etiqueta
Sense etiquetes, Sigues el primer a etiquetar aquest registre!
LEADER 01398cam a2200337 i 4500
001 u94228
003 SIRSI
005 20210114122234.0
008 110131 eng
020 |a 1412937825  |q pbk. 
020 |a 9781412937818 
020 |a 1412937817 
020 |a 9781412937825  |q pbk. 
050 |a PE1128.A2   |b .S96 2008 
100 1 |a Sundem, Garth. ,  |e author  |9 207852 
245 1 0 |a 10 languages you'll need most in the classroom :  |b a guide to communicating with English language learners and their families /  |c Garth Sundem, Jan Krieger, Kristi Pikiewicz. 
264 1 |a Thousand Oaks, CA :  |b Corwin,  |c 2008. 
300 |a xxiii, 260 pages :  |b illustrations ;  |c 28 cm. 
336 |a text  |b txt  |2 rdacontent 
337 |a unmediated  |b n  |2 rdamedia 
338 |a volume  |b nc  |2 rdacarrier 
596 |a 3 
650 0 |a English language   |x Study and teaching   |x Foreign speaker  |z United States   |v Handbooks, Manuals, etc.  |9 207853 
650 0 |a English teachers   |x Training of  |z United States   |v Handbooks, Manuals, etc.  |9 23329 
700 1 |a Krieger, Jan.  |9 207854 
700 1 |a Pikiewicz, Kristi.  |9 207855 
942 |c BOOK_OA 
997 |a 146846 
998 |a 1  |b Shafrizan Shafferi 
999 |c 154834  |d 154834 
952 |0 0  |1 0  |2 LCC  |4 0  |6 PE1128 A2 S96 02008  |7 0  |9 279735  |a PAGOH_LIB  |b PAGOH_LIB  |c OPENACCS  |d 2009-02-10  |g 234.08  |l 0  |n 2  |o PE1128.A2 .S96 2008  |p 1000227240  |r 2020-12-05  |t 1  |w 2020-12-05  |y BOOK_OA